000 00303cam a2200109 4500
008 031121n2004 000 0 eng u
035 _a(Sirsi) u124430
110 _aHemming Information Services
_94202
245 _aMunicipal year book 2004
260 _bHemming Information Services
_b2004
942 _n0
999 _c103228
_d103228